[Event "Muambeiro xD"]
[Site "http://www.queenalice.com/game.php?id=454293"]
[Date "2008.8.27"]
[Round "-"]
[White "Nataro"]
[Black "Muamba"]
[Result "0-1"]
[WhiteElo "1326"]
[BlackElo "1590"]

1. e4 e6 2. Qf3 Nf6 3. Nh3 Nc6 4. Nc3 Nd4 5. Qd3 c5 6. Na4 b6 7. c3 Nc6 8. f4
Ng4 9. Qf3 h5 10. f5 Nce5 11. Qg3 Bd6 12. fxe6 dxe6 13. Bb5+ Bd7 14. c4 Bxb5 15.
cxb5 Nc4 16. Qf3 Bxh2 17. Ng5 Qxg5 18. d3 Qh4+ 19. Kf1 Nce5 20. g3 Qxg3 21. Qxg3
Bxg3 22. Rh3 Bh2 23. Be3 Nxe3+ 24. Ke2 N3g4 25. Rf1 g5 26. Nc3 O-O-O 27. b4 cxb4
28. Na4 Bf4 29. Nb2 Nf6 30. Nc4 Nxc4 31. dxc4 Rd2+ 32. Ke1 Rxa2 33. Rf2 Rxf2 34.
Kxf2 Nxe4+ 35. Kf1 g4 36. Rd3 Rd8 37. Rxd8+ Kxd8 0-1

[Event "Challenge"]
[Site "http://www.queenalice.com/game.php?id=454346"]
[Date "2008.8.27"]
[Round "-"]
[White "jmgk"]
[Black "Muamba"]
[Result "1-0"]
[WhiteElo "1777"]
[BlackElo "1600"]

1. e4 e6 2. d4 Nf6 3. Nc3 g6 4. Nf3 Ng4 5. Be3 Nc6 6. Bf4 Bg7 7. h3 Nf6 8. e5
Nd5 9. Nxd5 exd5 10. Bg5 f6 11. exf6 Bxf6 12. Qe2+ Be7 13. O-O-O h6 14. Bd2 a6
15. Qd3 g5 16. h4 g4 17. Qg6+ Kf8 18. Bxh6+ Rxh6 19. Qxh6+ Kf7 20. Ng5+ Bxg5+
21. hxg5 Qg8 22. Qf6+ Ke8 23. Re1+ Qe6 24. Rh8# 1-0

[Event "Challeng 04"]
[Site "http://www.queenalice.com/game.php?id=455490"]
[Date "2008.8.29"]
[Round "-"]
[White "grazo"]
[Black "Muamba"]
[Result "1-0"]
[WhiteElo "1969"]
[BlackElo "1581"]

1. Nf3 e6 2. d4 Nf6 3. c4 Bb4+ 4. Bd2 Bxd2+ 5. Nbxd2 d5 6. c5 Nc6 7. e3 Ne4 8.
Nxe4 dxe4 9. Nd2 f5 10. a3 b6 11. Qa4 Qd7 12. cxb6 cxb6 13. Nc4 h5 14. Ne5 Nxe5
15. Bb5 Nd3+ 16. Kd2 Nxf2 17. Rhc1 Qxb5 18. Qxb5+ Bd7 19. Qe2 Nd3 20. Rc2 Bb5
21. g3 O-O 22. Qxh5 Rac8 23. Rxc8 Rxc8 24. d5 Nxb2 25. dxe6 Nc4+ 26. Ke2 Nd6+
27. Kf2 Re8 28. Qd1 Rxe6 29. Qd5 Bd7 30. a4 1-0

[Event "Challenge"]
[Site "http://www.queenalice.com/game.php?id=455702"]
[Date "2008.8.30"]
[Round "-"]
[White "Greeley"]
[Black "Muamba"]
[Result "1-0"]
[WhiteElo "1826"]
[BlackElo "1542"]

1. b4 e6 2. Bb2 Nf6 3. b5 c6 4. a4 Qb6 5. e3 d5 6. c4 Ne4 7. Nf3 f6 8. Be2 h6 9.
O-O Nd7 10. d3 Ng5 11. Nbd2 Bd6 12. d4 Bb8 13. Nxg5 hxg5 14. Bh5+ Kd8 15. g3 e5
16. cxd5 cxd5 17. f4 gxf4 18. exf4 Nf8 19. fxe5 fxe5 20. Qe2 Nd7 21. Bf7 Nf6 22.
a5 Qc7 23. dxe5 Qc5+ 24. Kh1 Bg4 25. Qd3 Bh5 26. exf6 Bxf7 27. fxg7 Re8 28. Rxf7
Bd6 29. Ba3 Qc8 30. Qxd5 Re7 31. Qxd6+ Qd7 32. g8=Q+ Re8 33. Qxd7# 1-0

[Event "AUTO-INT-1023"]
[Site "http://www.queenalice.com/game.php?id=457507"]
[Date "2008.9.3"]
[Round "1"]
[White "Muamba"]
[Black "aureliano"]
[Result "1-0"]
[WhiteElo "1571"]
[BlackElo "1407"]

1. e3 e5 2. d4 Nc6 3. Nf3 d5 4. g3 Bd6 5. Bg2 Bd7 6. O-O Nf6 7. Nc3 Bf5 8. a4
Nb4 9. Ne1 Ng4 10. b3 Qf6 11. Ba3 Qh6 12. h3 Nf6 13. Qe2 Bxh3 14. Qb5+ c6 15.
Qxb7 O-O 16. Bxb4 Bd7 17. Bxd6 Ng4 18. Nf3 Qxd6 19. Qa6 e4 20. Nh4 g5 21. Nf3
Qh6 22. Nh4 gxh4 23. Rfe1 hxg3 24. fxg3 Qh2+ 25. Kf1 Kh8 26. Qb7 Be6 27. Ne2
Nxe3+ 28. Kf2 Ng4+ 29. Kf1 Rab8 30. Qxc6 Rg8 31. Qc3 e3 32. Qc7 Nf2 33. Qe5+ f6
34. Qxf6+ Rg7 35. Qxe6 Rf8 36. Nf4 Rxg3 37. Qe5+ Kg8 38. Bxd5+ Rf7 39. Qe8+ Kg7
40. Qxf7+ Kh6 41. Qf6+ Rg6 42. Nxg6 Ng4 43. Qh4+ Kxg6 44. Qxh2 Nxh2+ 45. Ke2 Ng4
46. Bf3 Nf6 47. Kxe3 h5 48. d5 h4 49. Bg2 Ng4+ 50. Kd2 Kg5 51. Bh3 Nf6 52. c4
Kf4 53. Rf1+ Kg3 54. Rh1 a5 55. Kd3 Nd7 56. d6 Nc5+ 57. Kc2 Ne4 58. d7 Nf2 59.
d8=Q Nxh3 60. Qd6+ Kg2 61. Qh2+ Kf3 62. Qxh3+ Kf4 63. Raf1+ Kg5 64. Qf5+ Kh6 65.
Rxh4+ Kg7 66. Rg1# 1-0

[Event "AUTO-INT-1023"]
[Site "http://www.queenalice.com/game.php?id=457508"]
[Date "2008.9.3"]
[Round "1"]
[White "aureliano"]
[Black "Muamba"]
[Result "0-1"]
[WhiteElo "1482"]
[BlackElo "1479"]

1. e4 e5 2. d3 Nc6 3. c4 Nd4 4. Be3 Bb4+ 5. Nc3 c5 6. a3 Ba5 7. b4 Bc7 8. Qg4
Nc2+ 9. Kd1 Nxa1 10. Qxg7 Qf6 11. Qg4 d6 12. Qh5 Qg6 13. Qf3 Bg4 14. Nd5 Bxf3+
15. Nxf3 Bb6 16. h4 Nb3 17. h5 Qg4 18. h6 Nd4 19. Nf6+ Nxf6 20. Rh4 Qd7 21. b5
a6 22. Nd2 Ng4 23. a4 axb5 24. axb5 Ra1+ 25. Nb1 Rxb1+ 26. Bc1 Nxf2+ 27. Kd2 Qd8
28. g3 Qg5+ 29. Ke1 Qxc1+ 30. Kxf2 Qxf1+ 31. Ke3 Re1+ 32. Kd2 Qe2+ 33. Kc3 Qc2#
0-1

[Event "AUTO-INT-1023"]
[Site "http://www.queenalice.com/game.php?id=457509"]
[Date "2008.9.3"]
[Round "1"]
[White "Muamba"]
[Black "Tchecmaurice"]
[Result "0-1"]
[WhiteElo "1521"]
[BlackElo "1631"]

1. e3 c5 2. Nc3 e5 3. Nf3 d6 4. g3 Nf6 5. Bg2 Bg4 6. O-O e4 7. b3 exf3 8. Bxf3
Qd7 9. a4 Qf5 10. Kg2 Bh3+ 11. Kg1 Bxf1 12. Kxf1 Nc6 13. g4 Qe5 14. h3 d5 15.
Bxd5 Nxd5 16. f4 Nxc3 17. fxe5 Nxd1 18. Ba3 Nxe3+ 19. dxe3 Nxe5 20. Rd1 Be7 21.
Rd5 Nd7 22. c4 b6 23. Kg2 O-O 24. Kg3 Nf6 25. Re5 Bd6 26. Bb2 Rfe8 27. Kf4 Nd7
28. Kf5 Bxe5 29. Bxe5 Rxe5+ 30. Kf4 Rae8 31. Kg3 Rxe3+ 32. Kh4 h6 33. Kh5 Nf6+
34. Kh4 g5# 0-1

[Event "AUTO-INT-1023"]
[Site "http://www.queenalice.com/game.php?id=457510"]
[Date "2008.9.3"]
[Round "1"]
[White "Tchecmaurice"]
[Black "Muamba"]
[Result "1-0"]
[WhiteElo "1632"]
[BlackElo "1578"]

1. d4 e6 2. e4 Nf6 3. Nc3 d5 4. Bd3 Nc6 5. Nf3 b6 6. Bb5 Bb7 7. Qe2 Bb4 8. O-O
Bxc3 9. Ne5 Qd6 10. bxc3 O-O-O 11. Nxf7 Qf8 12. Nxh8 Qxh8 13. exd5 exd5 14. Qe6+
Rd7 15. Bxc6 Bxc6 16. Qxc6 Qf8 17. Qa8# 1-0

[Event "AUTO-INT-1023"]
[Site "http://www.queenalice.com/game.php?id=457511"]
[Date "2008.9.3"]
[Round "1"]
[White "Muamba"]
[Black "Tacitus"]
[Result "1-0"]
[WhiteElo "1647"]
[BlackElo "1563"]

1. e3 e5 2. Nf3 Nc6 3. d4 e4 4. Nfd2 Nf6 5. Nc3 Bb4 6. a3 Ba5 7. b4 Nxb4 8. axb4
Bxb4 9. Bb2 d5 10. Ra4 a5 11. Bb5+ c6 12. Bf1 Bg4 13. f3 Bf5 14. g4 exf3 15.
Nxf3 Bxg4 16. Be2 Ne4 17. Qd3 Nxc3 18. Bxc3 Qe7 19. Bxb4 c5 20. Bxc5 Qd7 21. Qb5
Bxf3 22. Qxd7+ Kxd7 23. Bxf3 Rhe8 24. Ra3 Kc6 25. Rc3 Kd7 26. Bxd5 Rac8 27. Bxb7
Rb8 28. Bf3 Rb1+ 29. Bd1 f5 30. O-O g6 31. Rb3 Ra1 32. d5 a4 33. Ra3 Rxa3 34.
Bxa3 Rxe3 35. Rf3 Re1+ 36. Rf1 Re3 37. Bb2 a3 38. Ba1 h5 39. Rf3 Re1+ 40. Rf1
Re5 41. c4 Re7 42. Bb3 h4 43. h3 Re3 44. Ba4+ Kd6 45. Kg2 Rg3+ 46. Kh2 g5 47.
Rxf5 g4 48. Be5+ 1-0

[Event "AUTO-INT-1023"]
[Site "http://www.queenalice.com/game.php?id=457512"]
[Date "2008.9.3"]
[Round "1"]
[White "Tacitus"]
[Black "Muamba"]
[Result "1-0"]
[WhiteElo "1542"]
[BlackElo "1672"]

1. e4 e5 2. Nf3 d6 3. d4 Qf6 4. Nc3 c6 5. Bg5 Qe6 6. d5 cxd5 7. exd5 Qd7 8. Bb5
Nc6 9. g3 a6 10. Bd3 h6 11. Be3 Nce7 12. Nd2 Nf6 13. Qf3 Ng4 14. h3 Nxe3 15.
Qxe3 Nf5 16. Qb6 Nd4 17. O-O-O g6 18. Nde4 Be7 19. Rhe1 O-O 20. h4 f5 21. Nc5
dxc5 22. Qxg6+ Kh8 23. Qxh6+ Kg8 24. Rxe5 Rf6 25. Qg5+ Kf8 26. Rde1 Re6 27. dxe6
Qc6 28. Qh6+ Kg8 29. Bxf5 Qe8 30. Qh7+ Kf8 31. Bg6 Qxg6 32. Qxg6 Bxe6 33. R1e4
Bd8 34. Rxe6 Nxe6 35. Rxe6 Be7 36. Qf5+ Ke8 37. Nd5 b5 38. Rxe7+ Kd8 39. Qf8#
1-0

[Event "Challenge"]
[Site "http://www.queenalice.com/game.php?id=461888"]
[Date "2008.9.12"]
[Round "-"]
[White "Muamba"]
[Black "Admilton"]
[Result "1-0"]
[WhiteElo "1530"]
[BlackElo "1574"]

1. e3 d5 2. Nf3 e6 3. d4 a6 4. Ne5 Bd6 5. Qf3 Qe7 6. Nc3 f6 7. Nd3 f5 8. b3 b5
9. g3 b4 10. Ne2 h5 11. Ne5 Bxe5 12. dxe5 c6 13. Bb2 Qc5 14. Nd4 Nh6 15. Qxh5+
Nf7 16. Qg6 Qf8 17. Nxe6 Bxe6 18. Qxe6+ Kd8 19. Qxf5 Nh6 20. Qxf8+ Rxf8 21. Bh3
Ra7 22. e6 Rg8 23. g4 Ke7 24. g5 Nf7 25. exf7 Kxf7 26. f4 g6 27. Bd4 Re7 28. Bc5
Rb7 29. a3 Rh8 30. Bg4 Rh4 31. h3 Rb5 32. axb4 Rh8 33. h4 a5 34. Rxa5 Re8 35.
Rxb5 cxb5 36. h5 Rh8 37. hxg6+ Kg7 38. Rxh8 Kxh8 39. Bd4+ Kg8 40. Be6+ Kf8 41.
g7+ 1-0

[Event "Challenge"]
[Site "http://www.queenalice.com/game.php?id=469116"]
[Date "2008.9.27"]
[Round "-"]
[White "Muamba"]
[Black "Fernando_cun"]
[Result "1-0"]
[WhiteElo "1601"]
[BlackElo "1457"]

1. e3 e5 2. Nc3 Nf6 3. Nf3 Nc6 4. d4 exd4 5. exd4 Bb4 6. Bd2 Qe7+ 7. Qe2 Qxe2+
8. Bxe2 Bxc3 9. Bxc3 O-O 10. O-O d5 11. Bd3 Bg4 12. Nd2 Rae8 13. h3 Be2 14. Rfe1
Bxd3 15. cxd3 b5 16. b4 Rxe1+ 17. Rxe1 Nh5 18. Nf3 Nf4 19. Re3 f6 20. h4 Kf7 21.
a3 Re8 22. Rxe8 Kxe8 23. Kh2 Nxd3 24. Kg3 h5 25. Nd2 Ne7 26. Nb3 Nf5+ 27. Kh2
Nxh4 28. f3 g5 29. Nc5 Nf4 30. g3 Nxf3+ 31. Kh1 Ne2 32. Bb2 h4 33. gxh4 gxh4 34.
Ne6 Kd7 35. Nc5+ Kc6 36. Ne6 h3 37. Ng7 h2 38. Nf5 Ng3+ 39. Nxg3 Kb6 40. Kg2 Nd2
41. Kxh2 a5 42. Ne2 axb4 43. axb4 Nc4 44. Bc1 Kc6 45. Kg3 Kd6 46. Kf4 Ke6 47.
Nc3 c6 48. Kf3 f5 49. Kf4 Nd6 50. Kf3 Kf6 51. Ne2 Kg6 52. Ng3 Ne4 53. Ne2 Kh5
54. Kf4 Nd6 55. Ke5 Nf7+ 56. Kxf5 Nh6+ 57. Ke6 Ng4 58. Kd6 1-0

[Event "Challenge"]
[Site "http://www.queenalice.com/game.php?id=470433"]
[Date "2008.9.29"]
[Round "-"]
[White "Muamba"]
[Black "Wilson"]
[Result "1-0"]
[WhiteElo "1619"]
[BlackElo "1465"]

1. e4 e5 2. Nf3 Nc6 3. Nc3 Nf6 4. d3 Bb4 5. a3 Bxc3+ 6. bxc3 O-O 7. a4 d6 8. d4
Nxe4 9. Qd3 Bf5 10. g4 Bg6 11. Qe3 d5 12. Nxe5 Nxe5 13. dxe5 Qh4 14. h3 c6 15.
c4 f6 16. Ba3 Rfe8 17. cxd5 Rxe5 18. Bb2 Rxd5 19. Bc4 Nxf2 20. Qxf2 Qg5 21.
Bxd5+ Qxd5 22. O-O Bxc2 23. Qxc2 b5 24. Rad1 Qg5 25. Qxc6 Rf8 26. Rd5 Qe3+ 27.
Rf2 Qg3+ 28. Rg2 Qe3+ 29. Rf2 Qe1+ 30. Kg2 Qe4+ 31. Kg1 bxa4 32. Rd6 Qb1+ 33.
Qc1 Qe4 34. Rd4 Qe8 35. Qc4+ Kh8 36. Re2 Qg6 37. Rd5 Qb1+ 38. Kf2 Qh1 39. Kg3
Qg1+ 40. Rg2 h6 41. Rxg1 1-0

[Event "Challenge"]
[Site "http://www.queenalice.com/game.php?id=470596"]
[Date "2008.9.30"]
[Round "-"]
[White "Muamba"]
[Black "Admilton"]
[Result "1/2-1/2"]
[WhiteElo "1667"]
[BlackElo "1532"]

1. e4 e5 2. Nf3 Qf6 3. Nc3 Bb4 4. Nd5 Qd6 5. Nxb4 Qxb4 6. Nxe5 Qxe4+ 7. Qe2
Qxe2+ 8. Bxe2 Nf6 9. d4 d6 10. Nd3 Bf5 11. O-O Nc6 12. c3 O-O 13. h3 Rae8 14.
Nf4 g5 15. d5 gxf4 16. dxc6 Rxe2 17. cxb7 Bd3 18. Rd1 Be4 19. Bxf4 Bxb7 20. Rd4
Rd8 21. b4 Ne4 22. f3 Nxc3 23. Bg5 Rde8 24. Rg4 Bc8 25. Bh4+ Kf8 26. Rc4 Nxa2
27. Rxc7 Nxb4 28. Rcxa7 Nd3 29. Kf1 Nf4 30. R7a2 Rxa2 31. Rxa2 Be6 32. Rd2 Bc4+
33. Kg1 Re1+ 34. Bxe1 d5 35. h4 Bd3 36. Bg3 Ne2+ 37. Kf2 Nxg3 38. Rxd3 Nf5 39.
Rxd5 Nxh4 40. Rh5 Ng6 41. Rxh7 Kg8 42. Rh1 Ne5 43. g4 f6 44. Kg3 Kg7 45. f4 Ng6
46. f5 Ne7 47. Kh4 Kh6 48. Kg3+ Kg7 49. Kf4 Nd5+ 50. Kf3 Ne7 51. Re1 Ng8 52. Kf4
Nh6 53. g5 fxg5+ 54. Kxg5 Nf7+ 55. Kf4 Kf6 56. Re6+ Kg7 57. f6+ Kg6 58. Ke4 Ng5+
59. Ke5 Nf7+ 60. Kd5 Ng5 61. Ra6 Nh7 1/2-1/2

[Event "Challenge"]
[Site "http://www.queenalice.com/game.php?id=481231"]
[Date "2008.10.22"]
[Round "-"]
[White "flaviookytsoten"]
[Black "Muamba"]
[Result "1-0"]
[WhiteElo "1831"]
[BlackElo "1665"]

1. d4 d5 2. Nc3 Nf6 3. Bf4 e6 4. Nb5 Bd6 5. Bxd6 cxd6 6. e3 Qa5+ 7. Nc3 Ne4 8.
Qd3 Nxc3 9. Qxc3 Nc6 10. Qxa5 Nxa5 11. Bb5+ Nc6 12. Nf3 e5 13. dxe5 dxe5 14.
Nxe5 Bd7 15. Nxd7 Kxd7 16. O-O-O Kd6 17. e4 Nb4 18. a3 a6 19. Ba4 Rac8 20. axb4
Rc4 21. Rxd5+ Ke7 22. Re1 Rxb4 23. Bb3 Rc8 24. Kb1 f6 25. e5 Rc6 26. exf6+ Kxf6
27. Rd7 h6 28. Rf7+ Kg6 29. Rfe7 Rg4 30. g3 b5 31. R1e6+ Rxe6 32. Rxe6+ Kh7 33.
Rxa6 b4 34. Ra4 h5 35. c3 bxc3 36. Rxg4 hxg4 37. bxc3 g5 38. c4 Kg7 39. Kc2 Kf6
40. Kd3 Ke5 41. Bd1 Kf5 42. Kd4 Ke6 43. Bxg4+ Kd6 44. c5+ Kc6 45. Bf3+ Kb5 46.
Kd5 Kb4 47. Kd6 Kc4 48. c6 Kd3 49. c7 Kd2 50. c8=Q Ke1 51. Qc5 Kd2 52. Qxg5+ Kd3
53. Qe3+ Kc4 54. Bd5+ Kb5 55. Qc5+ Ka6 56. Bc4+ Kb7 57. Qc6+ Ka7 58. Bd5 Kb8 59.
Qb7# 1-0

[Event "Challenge"]
[Site "http://www.queenalice.com/game.php?id=488580"]
[Date "2008.11.5"]
[Round "-"]
[White "isidoro"]
[Black "Muamba"]
[Result "0-1"]
[WhiteElo "1739"]
[BlackElo "1661"]

1. e4 e5 2. Nf3 Nc6 3. Bb5 Bd6 4. Bxc6 dxc6 5. d4 f6 6. O-O Ne7 7. Qe2 b6 8. Rd1
Bg4 9. Be3 Qc8 10. Nbd2 Qd7 11. Nc4 Ng6 12. h3 Bxf3 13. Qxf3 b5 14. Na5 Rb8 15.
c4 bxc4 16. Nxc4 Bb4 17. dxe5 Qe6 18. Nd2 Qxe5 19. Nc4 Qb5 20. b3 Bc3 21. Bxa7
Ra8 22. Qxc3 Rxa7 23. Ne3 Nf4 24. Kh1 O-O 25. Nf5 Qe5 0-1

[Event "Challenge"]
[Site "http://www.queenalice.com/game.php?id=488581"]
[Date "2008.11.5"]
[Round "-"]
[White "Muamba"]
[Black "isidoro"]
[Result "1-0"]
[WhiteElo "1682"]
[BlackElo "1739"]

1. e4 d5 2. Nc3 e6 3. Nf3 Nc6 4. exd5 exd5 5. Qe2+ Be7 6. d4 Bg4 7. g3 Nf6 8.
Be3 Nb4 9. Bg2 O-O 10. O-O Ne4 11. h3 Nxc3 12. bxc3 Bxf3 13. Bxf3 Nc6 14. c4
dxc4 15. Qxc4 Qd7 16. d5 Ne5 17. Qf4 Nxf3+ 18. Qxf3 a5 19. c4 Qxh3 20. Bf4 Qf5
21. g4 Qd7 22. Rab1 b6 23. g5 Bd6 24. Bd2 Qa4 25. Rb2 Qxc4 26. Re1 1-0